Internal Combustion Engines (Record no. 3532)

MARC details
000 -LEADER
fixed length control field 00331nam a2200145Ia 4500
008 - FIXED-LENGTH DATA ELEMENTS--GENERAL INFORMATION
fixed length control field 191201s2012 xx 000 0 und d
082 ## - DEWEY DECIMAL CLASSIFICATION NUMBER
Classification number 621.43
Item number GAI
100 ## - MAIN ENTRY--PERSONAL NAME
Personal name GANESAN, V
245 #0 - TITLE STATEMENT
Title Internal Combustion Engines
250 ## - EDITION STATEMENT
Edition statement 3rd
260 ## - PUBLICATION, DISTRIBUTION, ETC. (IMPRINT)
Place of publication, distribution, etc N.Delhi
Name of publisher, distributor, etc TMH
Date of publication, distribution, etc 2012
300 ## - PHYSICAL DESCRIPTION
Extent 730
650 ## - SUBJECT ADDED ENTRY--TOPICAL TERM
Topical term or geographic name as entry element B.Tech(ME)
942 ## - ADDED ENTRY ELEMENTS (KOHA)
Source of classification or shelving scheme Dewey Decimal Classification
Koha item type Text Books
Holdings
Withdrawn status Lost status Source of classification or shelving scheme Damaged status Not for loan Collection code Home library Current library Date acquired Source of acquisition Cost, normal purchase price Bill Number Total Checkouts Full call number Acc. no. / Barcode Date last seen Bill Date Koha item type Date last borrowed Checked out
    Dewey Decimal Classification     B.Tech(ME) PIET C-LIBRARY PIET C-LIBRARY 03/10/2008 J B C, New Delhi 315.00 S1-2188   621.43 GAI 9486 06/12/2019 01/08/2008 Text Books    
    Dewey Decimal Classification     B.Tech(ME) PIET C-LIBRARY PIET C-LIBRARY 03/10/2008 J B C, New Delhi 315.00 S1-2188   621.43 GAI 9487 06/12/2019 01/08/2008 Text Books    
    Dewey Decimal Classification     B.Tech(ME) PIET C-LIBRARY PIET C-LIBRARY 03/10/2008 J B C, New Delhi 315.00 S1-2188   621.43 GAI 9488 04/12/2019 01/08/2008 Text Books    
    Dewey Decimal Classification     B.Tech(ME) PIET C-LIBRARY PIET C-LIBRARY 03/10/2008 J B C, New Delhi 315.00 S1-2188   621.43 GAI 9489 04/12/2019 01/08/2008 Text Books    
    Dewey Decimal Classification     B.Tech(ECE) PIET C-LIBRARY PIET C-LIBRARY 03/10/2008 J B C, New Delhi 315.00 S1-2188 1 621.43 GAI 9490 14/03/2022 01/08/2008 Text Books 28/02/2022  
    Dewey Decimal Classification     B.Tech(ME) PIET C-LIBRARY PIET C-LIBRARY 03/10/2008 J B C, New Delhi 315.00 S1-2188 1 621.43 GAI 9491 14/02/2022 01/08/2008 Text Books 14/02/2022 15/08/2022
    Dewey Decimal Classification     B.Tech(ME) PIET C-LIBRARY PIET C-LIBRARY 03/10/2008 J B C, New Delhi 315.00 S1-2188 9 621.43 GAI 9492 15/05/2026 01/08/2008 Text Books 08/05/2026  
    Dewey Decimal Classification     B.Tech(ME) PIET C-LIBRARY PIET C-LIBRARY 03/10/2008 J B C, New Delhi 315.00 S1-2188 6 621.43 GAI 9493 17/03/2025 01/08/2008 Text Books 03/03/2025  

Design & Developed by: PIET Central Library
R70 Miles Stone Pattikalyana Samalkha Panipat 132102
mail ID :- [email protected], Phone No:- 0180-2569700 Ex.216